[Event "MVP-ch Seniors op 12th"]
[Site "Binz"]
[Date "2012.12.04"]
[Round "7"]
[White "Josting, Friedel"]
[Black "Betz, Egon"]
[Result "1/2-1/2"]
[WhiteElo "1784"]
[BlackElo "1811"]
[PlyCount "34"]
[EventDate "2012.11.28"]
[EventType "swiss"]
[EventRounds "9"]
[EventCountry "GER"]
[SourceTitle "EXT 2014"]
[Source "ChessBase"]
[SourceDate "2013.11.20"]
[SourceVersion "1"]
[SourceVersionDate "2013.11.20"]
[SourceQuality "1"]

1. d4 f5 2. g3 Nf6 3. Bg2 g6 4. c4 Bg7 5. b3 c5 6. Bb2 cxd4 7. Bxd4 Nc6 8. Bb2 0-0 9. Nh3 d6 10. 0-0 Qc7 11. Nc3 a6 12. Qc1 e5 13. Qd2 h6 14. f4 e4 15. Nd5 Nxd5 16. Qxd5+ Kh7 17. Bxg7 Kxg7 1/2-1/2

[Event "MVP-ch Seniors op 12th"]
[Site "Binz"]
[Date "2012.11.30"]
[Round "3"]
[White "Moews, Harald"]
[Black "Betz, Egon"]
[Result "0-1"]
[WhiteElo "1613"]
[BlackElo "1811"]
[PlyCount "54"]
[EventDate "2012.11.28"]
[EventType "swiss"]
[EventRounds "9"]
[EventCountry "GER"]
[SourceTitle "EXT 2014"]
[Source "ChessBase"]
[SourceDate "2013.11.20"]
[SourceVersion "1"]
[SourceVersionDate "2013.11.20"]
[SourceQuality "1"]

1. e4 c5 2. c4 Nc6 3. Nc3 g6 4. d3 Bg7 5. f4 e6 6. Nf3 Nge7 7. Be2 Nd4 8. Be3 d5 9. Bf2 Nxf3+ 10. Bxf3 d4 11. Ne2 Nc6 12. 0-0 Bd7 13. a4 0-0 14. b3 f6 15. h3 e5 16. g4 f5 17. Bg3 fxg4 18. hxg4 exf4 19. Nxf4 Qg5 20. Ng2 Be5 21. Bh4 Qh6 22. g5 Qg7 23. Qe2 Bd6 24. Ne1 Qe5 25. Qg2 Qf4 26. Qh1 Ne5 27. Ng2 Nxf3+ 0-1

[Event "MVP-ch Seniors op 12th"]
[Site "Binz"]
[Date "2012.11.29"]
[Round "2"]
[White "Betz, Egon"]
[Black "Goy, Udo"]
[Result "0-1"]
[WhiteElo "1811"]
[BlackElo "2116"]
[PlyCount "38"]
[EventDate "2012.11.28"]
[EventType "swiss"]
[EventRounds "9"]
[EventCountry "GER"]
[SourceTitle "EXT 2014"]
[Source "ChessBase"]
[SourceDate "2013.11.20"]
[SourceVersion "1"]
[SourceVersionDate "2013.11.20"]
[SourceQuality "1"]

1. e4 d5 2. exd5 Nf6 3. c4 c6 4. d4 cxd5 5. Nc3 e6 6. Nf3 Nc6 7. Be2 Be7 8. 0-0 0-0 9. Be3 b6 10. cxd5 Nxd5 11. Nxd5 Qxd5 12. Rc1 Bb7 13. Bc4 Qd6 14. Qd2 Rac8 15. a3 Na5 16. Ba2 Bxf3 17. gxf3 Bf6 18. Rc3 Rxc3 19. Qxc3 Nc6 0-1

[Event "MVP-ch Seniors op 12th"]
[Site "Binz"]
[Date "2012.11.28"]
[Round "1"]
[White "Garbe, Eckhard"]
[Black "Betz, Egon"]
[Result "0-1"]
[WhiteElo "1434"]
[BlackElo "1811"]
[PlyCount "88"]
[EventDate "2012.11.28"]
[EventType "swiss"]
[EventRounds "9"]
[EventCountry "GER"]
[SourceTitle "EXT 2014"]
[Source "ChessBase"]
[SourceDate "2013.11.20"]
[SourceVersion "1"]
[SourceVersionDate "2013.11.20"]
[SourceQuality "1"]

1. d4 f5 2. Nf3 Nf6 3. c4 g6 4. g3 Bg7 5. Bg2 d6 6. 0-0 0-0 7. Nc3 Qe8 8. Re1 Qf7 9. b3 Ne4 10. Qc2 Nxc3 11. Qxc3 c5 12. e3 Nc6 13. Bb2 Bd7 14. Qd2 e5 15. Red1 e4 16. Ne1 Rad8 17. d5 Ne5 18. Rab1 b5 19. Bxe5 Bxe5 20. Bf1 b4 21. Rbc1 g5 22. Bg2 a5 23. f3 Qg6 24. f4 gxf4 25. gxf4 Bf6 26. Kh1 Qh5 27. Bf1 Kh8 28. Qe2 Qh6 29. Qg2 Rg8 30. Qh3 Qg6 31. Ng2 a4 32. Rc2 axb3 33. axb3 Ra8 34. Be2 Ra3 35. Rb1 Rga8 36. Nh4 Qh6 37. Rg1 Qxh4 38. Qg2 Ra1 39. Bf1 Qg4 40. Qf2 Qf3+ 41. Qg2 Rg8 42. Rf2 Rxg2 43. Rxf3 Rxg1+ 44. Kxg1 exf3 0-1

[Event "EU-chT Seniors 12th"]
[Site "Dresden"]
[Date "2010.02.11"]
[Round "2"]
[White "Strobel, Ferdinand"]
[Black "Betz, Egon"]
[Result "1/2-1/2"]
[WhiteElo "2148"]
[BlackElo "2011"]
[PlyCount "31"]
[EventDate "2010.02.10"]
[EventType "team-swiss"]
[EventRounds "9"]
[EventCountry "GER"]
[SourceTitle "CBM 134 Extra"]
[Source "ChessBase"]
[SourceDate "2010.03.03"]
[SourceVersion "1"]
[SourceVersionDate "2010.03.03"]
[SourceQuality "1"]
[WhiteTeam "Vienna (Seniors)"]
[BlackTeam "Pfalz (Seniors)"]
[WhiteTeamCountry "AUT"]
[BlackTeamCountry "GER"]

1. f4 d5 2. Nf3 Nf6 3. g3 g6 4. Bg2 Bg7 5. 0-0 c5 6. d3 Nc6 7. Nc3 Rb8 8. e4 d4 9. Ne2 0-0 10. h3 b5 11. g4 Qb6 12. f5 Bb7 13. Nf4 Nd8 14. Qe1 Nd7 15. Qh4 Ne5 16. Nxe5 1/2-1/2

[Event "Merano Cup Gold 37th"]
[Site "Merano"]
[Date "2009.04.25"]
[Round "9"]
[White "Betz, Egon"]
[Black "Herbold, Manfred"]
[Result "0-1"]
[WhiteElo "2011"]
[BlackElo "2157"]
[PlyCount "50"]
[EventDate "2009.04.17"]
[EventType "swiss"]
[EventRounds "9"]
[EventCountry "ITA"]
[SourceTitle "CBM 130 Extra"]
[Source "ChessBase"]
[SourceDate "2009.07.02"]
[SourceVersion "2"]
[SourceVersionDate "2009.07.15"]
[SourceQuality "1"]

1. e4 d5 2. exd5 Qxd5 3. Nc3 Qd8 4. d4 Nf6 5. Nf3 Bg4 6. Be2 e6 7. Ne5 Bxe2 8. Nxe2 Nbd7 9. 0-0 Nxe5 10. dxe5 Qxd1 11. Rxd1 Ng4 12. Bf4 Bc5 13. Bg3 h5 14. h3 Nh6 15. Rd3 Rd8 16. Rad1 Rxd3 17. Rxd3 Nf5 18. Bf4 Ke7 19. Ng3 Nxg3 20. Rxg3 Rd8 21. Rd3 Rxd3 22. cxd3 Bd4 23. b3 Kd7 24. Kf1 Kc6 25. Ke2 Kd5 0-1

[Event "Merano Cup Gold 37th"]
[Site "Merano"]
[Date "2009.04.22"]
[Round "6"]
[White "Koch, Dieter"]
[Black "Betz, Egon"]
[Result "1/2-1/2"]
[WhiteElo "1891"]
[BlackElo "2011"]
[PlyCount "85"]
[EventDate "2009.04.17"]
[EventType "swiss"]
[EventRounds "9"]
[EventCountry "ITA"]
[SourceTitle "CBM 130 Extra"]
[Source "ChessBase"]
[SourceDate "2009.07.02"]
[SourceVersion "2"]
[SourceVersionDate "2009.07.15"]
[SourceQuality "1"]

1. d4 f5 2. Bg5 g6 3. e3 Bg7 4. c3 Nf6 5. Bxf6 Bxf6 6. f4 e6 7. Nd2 d5 8. Qf3 c6 9. Nh3 b6 10. Rc1 Bb7 11. Nf2 Nd7 12. Be2 Rc8 13. h4 Bxh4 14. g3 Be7 15. Qg2 Nf8 16. Nd3 Bf6 17. Nf3 Rc7 18. Nde5 h5 19. Rh3 Rch7 20. Kf2 Qe7 21. Qf1 g5 22. Rh2 Qg7 23. c4 g4 24. Nh4 Bxh4 25. Rxh4 Nd7 26. cxd5 Nxe5 27. fxe5 exd5 28. Bd3 0-0 29. Rc3 Qe7 30. a3 c5 31. Kg2 Bc8 32. Qf4 c4 33. Bb1 Kg7 34. Rc1 Kg6 35. Bc2 b5 36. b4 Qg5 37. Qf2 Qe7 38. Qf4 Bd7 39. Rh2 a5 40. Rb1 Ra8 41. Kh1 axb4 42. axb4 h4 43. Qxg4+ 1/2-1/2

[Event "Merano Cup Gold 37th"]
[Site "Merano"]
[Date "2009.04.17"]
[Round "1"]
[White "Betz, Egon"]
[Black "Bangert, Ruediger"]
[Result "1-0"]
[WhiteElo "2011"]
[BlackElo "1709"]
[PlyCount "65"]
[EventDate "2009.04.17"]
[EventType "swiss"]
[EventRounds "9"]
[EventCountry "ITA"]
[SourceTitle "CBM 130 Extra"]
[Source "ChessBase"]
[SourceDate "2009.07.02"]
[SourceVersion "2"]
[SourceVersionDate "2009.07.15"]
[SourceQuality "1"]

1. e4 d6 2. d4 Nf6 3. Nc3 g6 4. f4 Bg7 5. Nf3 0-0 6. Be2 c5 7. 0-0 cxd4 8. Qxd4 Nc6 9. Qf2 Ng4 10. Qg3 Nf6 11. Be3 Nb4 12. Ne1 Kh8 13. a3 Nc6 14. Rd1 a6 15. Bf3 Qc7 16. Qf2 Ng4 17. Bxg4 Bxg4 18. Bb6 Qc8 19. Rd2 Be6 20. b3 f5 21. Be3 fxe4 22. Nxe4 Bf5 23. Qf3 d5 24. Rxd5 Rd8 25. Ng5 Rxd5 26. Qxd5 e6 27. Qd2 Qf8 28. Qe2 Qxa3 29. g4 h6 30. gxf5 hxg5 31. fxg6 Bh6 32. fxg5 Rg8 33. Qh5 1-0

[Event "EU-chT Seniors 10th"]
[Site "Dresden"]
[Date "2008.02.18"]
[Round "8.3"]
[White "Andersson, Mats"]
[Black "Betz, Egon"]
[Result "1/2-1/2"]
[WhiteElo "1825"]
[BlackElo "2006"]
[PlyCount "80"]
[EventDate "2008.02.11"]
[EventType "team-swiss"]
[EventRounds "9"]
[EventCountry "GER"]
[SourceTitle "CBM 122 Extra"]
[Source "ChessBase"]
[SourceDate "2008.03.04"]
[SourceVersion "1"]
[SourceVersionDate "2008.03.04"]
[SourceQuality "1"]
[WhiteTeam "Sweden III"]
[BlackTeam "Rheno Palatinat"]
[WhiteTeamCountry "SWE"]
[BlackTeamCountry "GER"]

1. e4 c5 2. Nf3 Nc6 3. d4 cxd4 4. Nxd4 g6 5. Nc3 Bg7 6. Be3 Nf6 7. f3 d6 8. Qd2 a6 9. 0-0-0 Qc7 10. Bh6 0-0 11. Bxg7 Kxg7 12. g4 b5 13. g5 Ne8 14. Nd5 Qb7 15. Nxc6 Qxc6 16. Nxe7 Qc5 17. Nxc8 Rxc8 18. Qd4+ Qe5 19. f4 Qxd4 20. Rxd4 Rc6 21. a4 Nc7 22. axb5 axb5 23. Bh3 Ne6 24. Bxe6 fxe6 25. e5 d5 26. b3 Rfc8 27. Rd2 Rc3 28. h4 Rxb3 29. h5 Ra3 30. Kb2 Rca8 31. Rdh2 Rf3 32. hxg6 Kxg6 33. Rxh7 Rxf4 34. R1h6+ Kxg5 35. Rxe6 Kf5 36. Ree7 Rb4+ 37. Kc3 Rc4+ 38. Kb3 Rac8 39. Rhf7+ Ke4 40. Rf2 Rc3+ 1/2-1/2

[Event "EU-chT Seniors 10th"]
[Site "Dresden"]
[Date "2008.02.13"]
[Round "3.4"]
[White "Schammo, Jean"]
[Black "Betz, Egon"]
[Result "1/2-1/2"]
[WhiteElo "2103"]
[BlackElo "2006"]
[PlyCount "63"]
[EventDate "2008.02.11"]
[EventType "team-swiss"]
[EventRounds "9"]
[EventCountry "GER"]
[SourceTitle "CBM 122 Extra"]
[Source "ChessBase"]
[SourceDate "2008.03.04"]
[SourceVersion "1"]
[SourceVersionDate "2008.03.04"]
[SourceQuality "1"]
[WhiteTeam "Luxembourg (Seniors)"]
[BlackTeam "Rheno Palatinat"]
[WhiteTeamCountry "LUX"]
[BlackTeamCountry "GER"]

1. d4 f5 2. Qd3 d5 3. Bf4 Nf6 4. Nc3 e6 5. Nf3 a6 6. g3 c5 7. e3 Nc6 8. a3 c4 9. Qd1 Bd6 10. Bxd6 Qxd6 11. h4 h5 12. Be2 b5 13. 0-0 Bd7 14. Ng5 Ng4 15. Kg2 Ke7 16. Bf3 Nf6 17. Nh3 g6 18. Ng5 Raf8 19. Qd2 Nd8 20. Ne2 Nf7 21. Nf4 Rhg8 22. Qb4 Nxg5 23. hxg5 Ne4 24. Bxe4 fxe4 25. f3 exf3+ 26. Rxf3 Rf5 27. Raf1 Be8 28. Nh3 Rgf8 29. Rf4 Bd7 30. Rxf5 Rxf5 31. Rxf5 gxf5 32. Nf4 1/2-1/2

[Event "EU-chT Seniors 10th"]
[Site "Dresden"]
[Date "2008.02.12"]
[Round "2.4"]
[White "Betz, Egon"]
[Black "Johansen, Bjoern Berg"]
[Result "1-0"]
[WhiteElo "2006"]
[BlackElo "1278"]
[PlyCount "100"]
[EventDate "2008.02.11"]
[EventType "team-swiss"]
[EventRounds "9"]
[EventCountry "GER"]
[SourceTitle "CBM 122 Extra"]
[Source "ChessBase"]
[SourceDate "2008.03.04"]
[SourceVersion "1"]
[SourceVersionDate "2008.03.04"]
[SourceQuality "1"]
[WhiteTeam "Rheno Palatinat"]
[BlackTeam "Norway V"]
[WhiteTeamCountry "GER"]
[BlackTeamCountry "NOR"]

1. e4 e5 2. Nf3 d6 3. d4 exd4 4. Nxd4 Nf6 5. Bd3 Be7 6. 0-0 Nbd7 7. c4 Ne5 8. Nc3 Bd7 9. Be2 a6 10. h3 h6 11. f4 Nc6 12. Bf3 Nxd4 13. Qxd4 c5 14. Qd3 Bc6 15. Be3 Qc7 16. a3 Rd8 17. Rad1 0-0 18. Bc1 Rfe8 19. Rfe1 Bf8 20. Qf1 Qb8 21. a4 Qc7 22. b3 Qb6 23. Bd2 Qxb3 24. Rb1 Qc2 25. Qe2 Nxe4 26. Nxe4 f5 27. Rec1 Qa2 28. Ba5 Qxe2 29. Bxe2 Bxe4 30. Bxd8 Rxd8 31. Rb2 Be7 32. Bf3 Bf6 33. Rb3 Rd7 34. Bxe4 fxe4 35. Rcb1 e3 36. Rxb7 Rd8 37. Rb8 Kf7 38. Rxd8 Bxd8 39. Kf1 Bf6 40. Ke2 Bd4 41. Rb6 Ke6 42. Rxa6 g5 43. fxg5 hxg5 44. Rb6 Kd7 45. Rb3 d5 46. cxd5 Kd6 47. Rxe3 Kxd5 48. Rd3 Kc4 49. Rxd4+ cxd4 50. a5 Kb5 1-0

[Event "RLP-ch Seniors 26th"]
[Site "Ludwigshafen"]
[Date "2007.07.20"]
[Round "6"]
[White "Betz, Egon"]
[Black "Paulsen, Eckart"]
[Result "1/2-1/2"]
[WhiteElo "2010"]
[BlackElo "1833"]
[PlyCount "48"]
[EventDate "2007.07.15"]
[EventType "swiss"]
[EventRounds "7"]
[EventCountry "GER"]
[SourceTitle "EXT 2009"]
[Source "ChessBase"]
[SourceDate "2008.11.26"]
[SourceVersion "1"]
[SourceVersionDate "2008.11.26"]
[SourceQuality "1"]

1. e4 d6 2. d4 Nf6 3. Nc3 c6 4. Be2 Qa5 5. Bf3 e5 6. Nge2 Bg4 7. Bxg4 Nxg4 8. h3 Nf6 9. 0-0 Be7 10. Be3 Nbd7 11. Ng3 0-0 12. Nf5 Rfe8 13. f4 Bf8 14. fxe5 dxe5 15. a3 exd4 16. b4 Qd8 17. Qxd4 Ne5 18. Rad1 Qxd4 19. Bxd4 Ned7 20. Rfe1 Ne5 21. Nb1 Nfd7 22. Nd2 c5 23. bxc5 Bxc5 24. Bxc5 Nxc5 1/2-1/2

[Event "RLP-ch Seniors 26th"]
[Site "Ludwigshafen"]
[Date "2007.07.19"]
[Round "5"]
[White "Finzer, Lothar"]
[Black "Betz, Egon"]
[Result "1-0"]
[WhiteElo "1751"]
[BlackElo "2010"]
[PlyCount "125"]
[EventDate "2007.07.15"]
[EventType "swiss"]
[EventRounds "7"]
[EventCountry "GER"]
[SourceTitle "EXT 2009"]
[Source "ChessBase"]
[SourceDate "2008.11.26"]
[SourceVersion "1"]
[SourceVersionDate "2008.11.26"]
[SourceQuality "1"]

1. d4 f5 2. Nf3 Nf6 3. c4 g6 4. b3 Bg7 5. Bb2 0-0 6. Nbd2 d6 7. e3 Qe8 8. Bd3 Nbd7 9. 0-0 e5 10. dxe5 Nxe5 11. Nxe5 dxe5 12. e4 f4 13. Re1 Bg4 14. f3 Rd8 15. Be2 Bc8 16. Qc2 g5 17. Rad1 g4 18. Nf1 Qe7 19. Qc1 gxf3 20. Bxf3 Qc5+ 21. Kh1 Ng4 22. Bxg4 Bxg4 23. Ba3 Qf2 24. Bxf8 f3 25. Ne3 Rxd1 26. Rxd1 fxg2+ 27. Nxg2 Bxd1 28. Qxd1 Qxf8 29. Qd5+ Kh8 30. h3 b6 31. Kh2 h6 32. Qb7 Qa3 33. Qc8+ Kh7 34. Qf5+ Kg8 35. Qf2 Qf8 36. Qxf8+ Bxf8 37. Kg3 Kf7 38. Kg4 Ba3 39. Kf5 Bb2 40. Nh4 Ke7 41. Kg6 c6 42. Kxh6 b5 43. Nf5+ Kf6 44. cxb5 cxb5 45. Nd6 b4 46. Kh5 Bc1 47. Nf5 Bd2 48. Kg4 Kg6 49. Ne7+ Kf6 50. Nc6 Ke6 51. Na5 Be3 52. h4 Kf6 53. Nc4 Bc1 54. Nd6 Bh6 55. Nf5 Bf8 56. Kh5 a6 57. Ne3 Bc5 58. Ng4+ Ke6 59. Kg6 Bf8 60. h5 Kd6 61. h6 Bxh6 62. Nxh6 Kc5 63. Nf5 1-0

[Event "EU-chT Seniors 09th"]
[Site "Dresden"]
[Date "2007.02.23"]
[Round "8"]
[White "Pelling, Tim W"]
[Black "Betz, Egon"]
[Result "1-0"]
[WhiteElo "2240"]
[BlackElo "2011"]
[PlyCount "74"]
[EventDate "2007.02.16"]
[EventType "team-swiss"]
[EventRounds "9"]
[EventCountry "GER"]
[SourceTitle "CBM 117 Extra"]
[Source "ChessBase"]
[SourceDate "2007.05.09"]
[SourceVersion "1"]
[SourceVersionDate "2007.05.09"]
[SourceQuality "1"]

1. f4 d5 2. Nf3 Nf6 3. g3 g6 4. Bg2 c5 5. 0-0 Bg7 6. d3 0-0 7. c3 Nc6 8. Na3 Rb8 9. Qe1 b5 10. Nc2 b4 11. h3 a5 12. Qf2 Qb6 13. Ne5 Nxe5 14. fxe5 Nd7 15. d4 e6 16. Bg5 f6 17. exf6 Nxf6 18. dxc5 Qc6 19. Qe3 bxc3 20. bxc3 Bd7 21. Bf4 Rb2 22. Rac1 Ne4 23. Bxe4 dxe4 24. Bd6 Rxf1+ 25. Kxf1 e5 26. Kg2 Qc8 27. Kh2 Bc6 28. Na3 Qe6 29. c4 Bf6 30. Nb5 Qf5 31. h4 Bd7 32. Nc3 Qh3+ 33. Kg1 Qg4 34. Nxe4 Bxh4 35. Qf3 Qxf3 36. exf3 Bd8 37. Bxe5 Ba4 1-0

[Event "EU-chT Seniors 09th"]
[Site "Dresden"]
[Date "2007.02.20"]
[Round "5"]
[White "Kverndal, Leif"]
[Black "Betz, Egon"]
[Result "0-1"]
[WhiteElo "1957"]
[BlackElo "2011"]
[PlyCount "88"]
[EventDate "2007.02.16"]
[EventType "team-swiss"]
[EventRounds "9"]
[EventCountry "GER"]
[SourceTitle "CBM 117 Extra"]
[Source "ChessBase"]
[SourceDate "2007.05.09"]
[SourceVersion "1"]
[SourceVersionDate "2007.05.09"]
[SourceQuality "1"]

1. d4 f5 2. g3 Nf6 3. Bg2 g6 4. Nf3 Bg7 5. 0-0 0-0 6. c4 d6 7. Nc3 Qe8 8. Qb3 c6 9. Re1 Nbd7 10. c5+ d5 11. Bf4 h6 12. Rad1 Ne4 13. Nxe4 fxe4 14. Ne5 Nxe5 15. Bxe5 Bxe5 16. dxe5 Qf7 17. f4 Rb8 18. a4 Bf5 19. a5 e6 20. Qc3 g5 21. e3 Bg4 22. Rd2 Qh5 23. Rf2 Rbd8 24. b4 Rd7 25. Qb2 a6 26. Ref1 Bf5 27. fxg5 hxg5 28. Qd4 Rdf7 29. h3 Bxh3 30. Rxf7 Rxf7 31. Rxf7 Kxf7 32. Qd2 Bxg2 33. Qxg2 Qd1+ 34. Kh2 g4 35. Qf2+ Qf3 36. Qd2 Qf1 37. Qg2 Qxg2+ 38. Kxg2 Kg6 39. Kf2 Kf5 40. Ke2 Kxe5 41. Kd2 d4 42. exd4+ Kxd4 43. Ke2 e3 44. Kd1 Kd3 0-1

[Event "EU-chT Seniors 09th"]
[Site "Dresden"]
[Date "2007.02.17"]
[Round "2"]
[White "Betz, Egon"]
[Black "Mann, Dieter"]
[Result "1/2-1/2"]
[WhiteElo "2011"]
[BlackElo "1782"]
[PlyCount "60"]
[EventDate "2007.02.16"]
[EventType "team-swiss"]
[EventRounds "9"]
[EventCountry "GER"]
[SourceTitle "CBM 117 Extra"]
[Source "ChessBase"]
[SourceDate "2007.05.09"]
[SourceVersion "1"]
[SourceVersionDate "2007.05.09"]
[SourceQuality "1"]

1. e4 d5 2. exd5 Qxd5 3. Nc3 Qa5 4. d4 c6 5. Bf4 Nf6 6. Qd2 Nd5 7. Nxd5 Qxd2+ 8. Bxd2 cxd5 9. Nf3 e6 10. Bd3 Be7 11. 0-0 0-0 12. Rae1 Nc6 13. c3 Bd7 14. h3 Rac8 15. g4 h6 16. Ne5 Nxe5 17. Rxe5 f6 18. Ree1 Bd6 19. f4 f5 20. gxf5 exf5 21. Be2 Be8 22. Bf3 Bf7 23. Re2 Rfe8 24. Rfe1 Kf8 25. Kf2 b6 26. b3 Rxe2+ 27. Rxe2 Re8 28. Rxe8+ Kxe8 29. Ke2 Ke7 30. Kd3 b5 1/2-1/2

[Event "EU-chT Seniors 08th"]
[Site "Dresden"]
[Date "2006.02.23"]
[Round "7"]
[White "Wheeler, John Francis"]
[Black "Betz, Egon"]
[Result "1-0"]
[WhiteElo "2187"]
[BlackElo "2035"]
[PlyCount "79"]
[EventDate "2006.02.17"]
[EventType "team-swiss"]
[EventRounds "8"]
[EventCountry "GER"]
[SourceTitle "CBM 111 Extra"]
[Source "ChessBase"]
[SourceDate "2006.05.09"]
[SourceVersion "1"]
[SourceVersionDate "2006.05.09"]
[SourceQuality "1"]
[WhiteTeam "Great Britain"]
[BlackTeam "Kurpfalz"]
[WhiteTeamCountry "GBR"]
[BlackTeamCountry "GER"]

1. d4 f5 2. Nf3 Nf6 3. g3 g6 4. Bg2 Bg7 5. 0-0 0-0 6. c4 d6 7. b3 Na6 8. Bb2 Qe8 9. Nbd2 h6 10. e3 g5 11. Qe2 Qg6 12. a3 c5 13. d5 Bd7 14. Ne1 Rae8 15. Nd3 Nc7 16. f4 b6 17. Rae1 e5 18. fxe5 Ng4 19. e6 Bxb2 20. Nxb2 Bc8 21. e4 Qf6 22. Nd1 Qd4+ 23. Kh1 Nxe6 24. dxe6 Bxe6 25. Nf3 Qg7 26. exf5 Bxf5 27. Qxe8 Rxe8 28. Rxe8+ Kh7 29. Rfe1 Qa1 30. Ne3 Qf6 31. Nxg4 Bxg4 32. Nd2 Qf2 33. h3 Bf5 34. Rf1 Qxd2 35. Rxf5 Kg6 36. Ref8 Qd1+ 37. Kh2 Qxb3 38. R8f6+ Kg7 39. Rf7+ Kg6 40. R5f6+ 1-0

[Event "EU-chT Seniors 08th"]
[Site "Dresden"]
[Date "2006.02.17"]
[Round "1"]
[White "Betz, Egon"]
[Black "Ljuboschiz, Alexander"]
[Result "0-1"]
[WhiteElo "2035"]
[BlackElo "2220"]
[PlyCount "64"]
[EventDate "2006.02.17"]
[EventType "team-swiss"]
[EventRounds "8"]
[EventCountry "GER"]
[SourceTitle "CBM 111 Extra"]
[Source "ChessBase"]
[SourceDate "2006.05.09"]
[SourceVersion "1"]
[SourceVersionDate "2006.05.09"]
[SourceQuality "1"]
[WhiteTeam "Kurpfalz"]
[BlackTeam "Koeln Phoenix"]
[WhiteTeamCountry "GER"]
[BlackTeamCountry "GER"]

1. e4 g6 2. d4 Bg7 3. Nf3 d6 4. c4 Nf6 5. Nc3 0-0 6. Be2 e5 7. d5 a5 8. h3 Na6 9. Be3 Nc5 10. Qc2 Nh5 11. g4 Nf4 12. 0-0-0 Bd7 13. Rdg1 c6 14. Qd2 cxd5 15. exd5 Nxe2+ 16. Qxe2 e4 17. Nd4 Rc8 18. Kb1 Qe7 19. f3 Rfe8 20. f4 Nd3 21. b3 Nxf4 22. Qd2 Nd3 23. h4 Ne5 24. h5 Nxg4 25. Rxg4 Bxg4 26. hxg6 hxg6 27. Qh2 Bh5 28. Ncb5 Rcd8 29. Qg3 Qd7 30. Rxh5 gxh5 31. Ne6 fxe6 32. Bh6 exd5 0-1

[Event "Mecklenburg VP-ch Seniors 05th"]
[Site "Plau am See"]
[Date "2005.10.08"]
[Round "5"]
[White "Betz, Egon"]
[Black "Pape, Manfred"]
[Result "1-0"]
[WhiteElo "1902"]
[BlackElo "2076"]
[PlyCount "69"]
[EventDate "2005.10.04"]
[EventType "swiss"]
[EventRounds "9"]
[EventCountry "GER"]
[SourceTitle "EXT 2007"]
[Source "ChessBase"]
[SourceDate "2006.11.23"]
[SourceVersion "1"]
[SourceVersionDate "2006.11.23"]
[SourceQuality "1"]

1. e4 c6 2. d4 g6 3. Nf3 Bg7 4. c4 d6 5. Nc3 Nd7 6. Be2 e5 7. d5 c5 8. Bg5 f6 9. Be3 Nh6 10. h3 a6 11. Qd2 Nf7 12. Nh2 f5 13. exf5 gxf5 14. Qc2 Nf6 15. g4 f4 16. Bd2 Qe7 17. 0-0-0 Bd7 18. Bd3 b5 19. Rde1 bxc4 20. Bxc4 h5 21. g5 Nxg5 22. Qg6+ Nf7 23. Bxf4 Kf8 24. Nf3 Bh6 25. Bxh6+ Rxh6 26. Qd3 Qd8 27. Qe3 Ne8 28. Ne4 Rg6 29. Rhg1 Rxg1 30. Rxg1 Bxh3 31. Nfg5 Nxg5 32. Nxg5 Bd7 33. Ne6+ Bxe6 34. Qh6+ Ke7 35. Qxe6+ 1-0

[Event "EU-chT Seniors 07th"]
[Site "Dresden"]
[Date "2005.02.21"]
[Round "4"]
[White "Lieb, Harald"]
[Black "Betz, Egon"]
[Result "1-0"]
[WhiteElo "2276"]
[BlackElo "2031"]
[PlyCount "81"]
[EventDate "2005.02.18"]
[EventType "team-swiss"]
[EventRounds "8"]
[EventCountry "GER"]
[SourceTitle "EXT 2006"]
[Source "ChessBase"]
[SourceDate "2005.11.24"]
[SourceVersion "1"]
[SourceVersionDate "2005.11.24"]
[SourceQuality "1"]

1. d4 f5 2. g3 Nf6 3. Bg2 g6 4. Nf3 Bg7 5. 0-0 0-0 6. c4 d6 7. Nc3 Qe8 8. d5 Na6 9. Rb1 c5 10. dxc6 bxc6 11. b4 Rb8 12. a3 Nc7 13. Be3 Ng4 14. Bxa7 Ra8 15. Bd4 e5 16. Bb6 Qe7 17. c5 d5 18. Bxc7 Qxc7 19. Nxd5 Qf7 20. Ng5 Qb7 21. Qb3 Kh8 22. Nb6 Ra7 23. Nxc8 Qxc8 24. Ne6 Re8 25. Nxg7 Kxg7 26. Rfd1 e4 27. Rd6 Kh6 28. h3 Ne5 29. a4 Nf7 30. Rd4 g5 31. Rbd1 Rae7 32. Qc3 Qa6 33. b5 cxb5 34. Rd6+ Nxd6 35. Rxd6+ Qxd6 36. cxd6 Rd7 37. Qf6+ Kh5 38. g4+ fxg4 39. hxg4+ Kxg4 40. Bh3+ Kxh3 41. Qf5+ 1-0